| 000 | 00928cab a2200253 4500 | ||
|---|---|---|---|
| 001 | WB3132-34 | ||
| 008 | 090401t1995 xxu||||| |||| 00| 0 eng d | ||
| 035 | _a(Sirsi) u57283 | ||
| 041 | _aeng | ||
| 245 | _aLower prices win house sales | ||
| 260 | _c1995 | ||
| 350 | _a0 | ||
| 490 |
_aSunday Times _v20 August 1995, 4.3 |
||
| 490 |
_aTimes _v19 August 1995, 23(1) |
||
| 520 | _aAccording to the RICS and Black Horse Agencies unreasonable prices demanded by vendors prevents movement in the market. The estate agent`s survey also covers the length of time taken to sell property, number of viewings per property and percentage of asking price acheived. | ||
| 650 | _aAVERAGE TIME | ||
| 650 | _aBLACK HORSE AGENCIES | ||
| 650 | _aHOUSING MARKET | ||
| 650 | _aNEGATIVE EQUITY | ||
| 650 | _aOVERVALUATION | ||
| 690 | _aPROPERTY-RESIDENTIAL PROPERTY-RESIDENTIAL PROPERTY MARKET | ||
| 942 | _n0 | ||
| 948 | _c04/03/1997 | ||
| 999 |
_c34909 _d34909 |
||